[Event "Toronto op"]
[Site "Toronto CAN"]
[Date "1977.04.08"]
[Round "1"]
[White "Brodie, Hugh"]
[Black "Labelle, Jacques"]
[Result "0-1"]
[WhiteElo "1858"]
[BlackElo "2135"]
[PlyCount "97"]
[EventDate "1977.04.08"]
[EventType "swiss"]
[EventRounds "6"]
[EventCountry "CAN"]

1. e4 c5 2. Nf3 d6 3. d4 cxd4 4. Nxd4 Nf6 5. Nc3 a6 6. g3 e5 7. Nde2 Be7 8. Bg2
O-O 9. O-O Be6 10. Nd5 Bxd5 11. exd5 Nbd7 12. c4 b5 13. cxb5 axb5 14. Nc3 b4
15. Ne4 Nxe4 16. Bxe4 f5 17. Bg2 Bf6 18. Be3 g5 19. f3 h6 20. Qd2 f4 21. Bf2
Qa5 22. Bh3 fxg3 23. hxg3 Nc5 24. Bxc5 Qxc5+ 25. Kg2 Ra7 26. Rfc1 Qd4 27. Be6+
Kg7 28. Qxd4 exd4 29. Rd1 Rfa8 30. Rd3 Rxa2 31. Rb1 R8a3 32. Bf5 Rxd3 33. Bxd3
Bd8 34. Kf2 Bf6 35. Ke2 Be5 36. Kf2 Ra7 37. Rc1 Kf6 38. Rc4 Rb7 39. Rc8 Kg7 40.
Kg2 h5 41. Rc4 Kf6 42. Rc8 h4 43. gxh4 gxh4 44. Rf8+ Kg7 45. Rc8 Kh6 46. Rc4
Rg7+ 47. Kh1 Kg5 48. Rxb4 Kf4 49. Rc4 0-1

[Event "Toronto op"]
[Site "Toronto CAN"]
[Date "1977.04.08"]
[Round "2"]
[White "South, Fred"]
[Black "Brodie, Hugh"]
[Result "1-0"]
[WhiteElo "2062"]
[BlackElo "1858"]
[PlyCount "85"]
[EventDate "1977.04.08"]
[EventType "swiss"]
[EventRounds "6"]
[EventCountry "CAN"]

1. Nf3 d6 2. g3 e5 3. Bg2 g6 4. O-O Bg7 5. c4 f5 6. Nc3 Nf6 7. d3 O-O 8. Bd2 c5
9. a3 Nc6 10. Rb1 h6 11. b4 cxb4 12. axb4 Be6 13. b5 Ne7 14. b6 a6 15. Qa4 Kh7
16. Rfc1 Nc6 17. Nd5 Ne8 18. Ne1 Rb8 19. Nc2 g5 20. Ndb4 Ne7 21. Ne3 f4 22.
Ned5 Nf5 23. Be4 Kh8 24. e3 fxe3 25. fxe3 Ne7 26. Rf1 Bh3 27. Nxe7 Qxe7 28. Nd5
Qd8 29. Rxf8+ Bxf8 30. Qd1 Nf6 31. Nxf6 Qxf6 32. Qh5 Be6 33. Rf1 Qe7 34. Qg6
Bg8 35. Bb4 Qg7 36. Qxg7+ Kxg7 37. Rxf8 Rxf8 38. Bxd6 Rf7 39. Bxe5+ Kf8 40. Bc7
Bh7 41. Bxh7 Rxh7 42. c5 Ke8 43. c6 1-0

[Event "Toronto op"]
[Site "Toronto CAN"]
[Date "1977.04.09"]
[Round "3"]
[White "Brodie, Hugh"]
[Black "Vermont, M."]
[Result "1-0"]
[WhiteElo "1858"]
[BlackElo "1185"]
[PlyCount "71"]
[EventDate "1977.04.08"]
[EventType "swiss"]
[EventRounds "6"]
[EventCountry "CAN"]

1. e4 e6 2. d3 d5 3. Nd2 Nf6 4. Ngf3 dxe4 5. dxe4 Bc5 6. Bc4 Ng4 7. O-O Qd6 8.
Qe2 Qb6 9. h3 Nxf2 10. Rxf2 Bxf2+ 11. Qxf2 Qxf2+ 12. Kxf2 Nc6 13. c3 O-O 14.
Bb3 b6 15. Nf1 Na5 16. Bc2 Bb7 17. Bf4 Rac8 18. Ng3 f6 19. Rd1 e5 20. Be3 Rfd8
21. b3 Rxd1 22. Bxd1 Rd8 23. Be2 Nc6 24. Nd2 Nb8 25. Nh5 Ba6 26. g4 Bxe2 27.
Kxe2 a5 28. g5 Nd7 29. Ng3 Kf7 30. gxf6 gxf6 31. Nf5 b5 32. c4 bxc4 33. Nxc4
Rg8 34. Nh6+ Kf8 35. Nxg8 Kxg8 36. Nxa5 1-0

[Event "Toronto op"]
[Site "Toronto CAN"]
[Date "1977.04.09"]
[Round "4"]
[White "Brodie, Hugh"]
[Black "McGrady, M."]
[Result "1-0"]
[WhiteElo "1858"]
[BlackElo "1590"]
[PlyCount "127"]
[EventDate "1977.04.08"]
[EventType "swiss"]
[EventRounds "6"]
[EventCountry "CAN"]

1. e4 c5 2. Nf3 Nc6 3. Nc3 g6 4. d3 Bg7 5. g3 Nh6 6. Bg2 O-O 7. O-O e5 8. Ne1
d6 9. f4 f5 10. Nf3 Nf7 11. Be3 h6 12. Qd2 Nd4 13. Nd1 Kh7 14. c3 Nxf3+ 15.
Bxf3 g5 16. fxg5 Nxg5 17. Bg2 Nh3+ 18. Bxh3 f4 19. Bxc8 fxe3 20. Nxe3 Rxf1+ 21.
Rxf1 Rxc8 22. c4 Qg5 23. Rf5 Qg6 24. Qf2 Rc7 25. Nd5 Rd7 26. Qf3 Kg8 27. Kg2 a6
28. Qh5 Qxh5 29. Rxh5 Kf7 30. Rf5+ Kg6 31. b3 b5 32. h4 bxc4 33. dxc4 a5 34.
h5+ Kh7 35. g4 Ra7 36. Nf6+ Kh8 37. Ne8 Rd7 38. Kg3 a4 39. Nxg7 Kxg7 40. Kh4
axb3 41. axb3 Rb7 42. Rf3 Ra7 43. g5 hxg5+ 44. Kxg5 Rb7 45. h6+ Kh7 46. Kf6 Rb6
47. Rd3 d5+ 48. Kxe5 dxe4 49. Kxe4 Rxh6 50. Kd5 Rh5+ 51. Kc6 Kg7 52. Kb5 Kf6
53. Rd5 Rh3 54. Ka4 Ke6 55. Rxc5 Kd6 56. b4 Rh4 57. Kb5 Rh8 58. Rc6+ Kd7 59. c5
Rb8+ 60. Rb6 Ra8 61. c6+ Kc7 62. Rb7+ Kc8 63. Kb6 Ra4 64. b5 1-0

[Event "Toronto op"]
[Site "Toronto CAN"]
[Date "1977.04.10"]
[Round "5"]
[White "Morrison, Robert"]
[Black "Brodie, Hugh"]
[Result "1/2-1/2"]
[WhiteElo "2026"]
[BlackElo "1858"]
[PlyCount "120"]
[EventDate "1977.04.08"]
[EventType "swiss"]
[EventRounds "6"]
[EventCountry "CAN"]

1. e4 c5 2. Nf3 Nc6 3. d4 cxd4 4. Nxd4 g6 5. Nc3 Bg7 6. Be3 Nf6 7. Bc4 Qa5 8.
O-O O-O 9. Bb3 d6 10. h3 Bd7 11. f4 Nxd4 12. Bxd4 Bc6 13. Qd3 a6 14. Rae1 Nd7
15. Bxg7 Kxg7 16. Qd4+ Kg8 17. Nd5 Rae8 18. Kh1 Qc5 19. Qd3 Bb5 20. c4 Bc6 21.
Nc3 Kg7 22. Bd1 Qb6 23. b3 h6 24. Bg4 Nc5 25. Qd4+ Kh7 26. f5 Nd7 27. Qxb6 Nxb6
28. Nd5 Bxd5 29. fxg6+ fxg6 30. exd5 Kg7 31. a4 a5 32. Kg1 Na8 33. Bd7 Rxf1+
34. Kxf1 Rf8+ 35. Kg1 Kf7 36. Rf1+ Kg7 37. Re1 Kf7 38. Rf1+ Kg7 39. Rb1 Nb6 40.
Be6 Kf6 41. Rf1+ Kg7 42. Rc1 Kf6 43. c5 Na8 44. Kf2 Ke5+ 45. Ke2 Nc7 46. cxd6
Kxd6 47. Rc4 Nxe6 48. dxe6 Rf6 49. b4 axb4 50. Rxb4 Rxe6+ 51. Kf2 Kc6 52. a5
Kc7 53. Rc4+ Kb8 54. Rc5 Ka7 55. g4 Ka6 56. Rd5 b5 57. axb6 Kxb6 58. Rd8 Kc6
59. h4 Rd6 60. Rh8 g5 1/2-1/2

[Event "Toronto op"]
[Site "Toronto CAN"]
[Date "1977.04.10"]
[Round "6"]
[White "Frilles, Ruperto"]
[Black "Brodie, Hugh"]
[Result "1-0"]
[WhiteElo "1816"]
[BlackElo "1858"]
[PlyCount "77"]
[EventDate "1977.04.08"]
[EventType "swiss"]
[EventRounds "6"]
[EventCountry "CAN"]

1. Nf3 d6 2. g3 e5 3. d3 g6 4. Bg2 Bg7 5. Nc3 f5 6. O-O Nc6 7. Bg5 Nge7 8. Qc1
h6 9. Be3 Be6 10. Rd1 Qd7 11. d4 exd4 12. Nxd4 Nxd4 13. Bxd4 Nc6 14. Bxg7 Qxg7
15. Qe3 Qe5 16. Qxe5 dxe5 17. e4 Rh7 18. exf5 gxf5 19. Bxc6+ bxc6 20. Re1 e4
21. f3 Bd5 22. fxe4 fxe4 23. Nxe4 O-O-O 24. Nf6 Rf7 25. Nxd5 cxd5 26. Re6 h5
27. Rf1 Rh7 28. Kg2 h4 29. g4 Kd7 30. Re5 Kd6 31. Rff5 c6 32. Rh5 Rg7 33. h3
Rb8 34. b3 Rb4 35. Ref5 Rd4 36. Rxh4 Re7 37. Rh6+ Kc7 38. Rf2 Re3 39. g5 1-0

[Event "Ottawa op"]
[Site "Ottawa CAN"]
[Date "1977.03.11"]
[Round "1"]
[White "Brodie, Hugh"]
[Black "Levtchouk, George"]
[Result "1/2-1/2"]
[WhiteElo "1858"]
[BlackElo "2041"]
[PlyCount "75"]
[EventDate "1977.03.11"]
[EventType "swiss"]
[EventRounds "5"]
[EventCountry "CAN"]

1. e4 g6 2. d4 Bg7 3. Nc3 d6 4. f4 c6 5. Be3 Nd7 6. Nf3 b5 7. Bd3 Nb6 8. O-O
Nf6 9. h3 O-O 10. Qe1 Nc4 11. Bxc4 bxc4 12. e5 Nd5 13. Nxd5 cxd5 14. Qh4 Rb8
15. b3 a5 16. Rab1 cxb3 17. cxb3 Ba6 18. Rfc1 Qd7 19. Rc3 f6 20. Rbc1 Rbc8 21.
Qg4 e6 22. Qh4 fxe5 23. fxe5 Rxc3 24. Rxc3 Be2 25. Bf4 Bxf3 26. Rxf3 dxe5 27.
Bxe5 Rxf3 28. gxf3 Bxe5 29. dxe5 d4 30. Kf2 d3 31. Ke1 Qc7 32. Qd4 Qc1+ 33. Kf2
Qc2+ 34. Kg3 Kg7 35. Qd6 d2 36. Qe7+ Kh6 37. Qh4+ Kg7 38. Qe7+ 1/2-1/2

[Event "Ottawa op"]
[Site "Ottawa CAN"]
[Date "1977.03.12"]
[Round "2"]
[White "Nadeau, Renaud"]
[Black "Brodie, Hugh"]
[Result "1/2-1/2"]
[WhiteElo "2103"]
[BlackElo "1858"]
[PlyCount "116"]
[EventDate "1977.03.11"]
[EventType "swiss"]
[EventRounds "5"]
[EventCountry "CAN"]

1. e4 c5 2. Nf3 Nc6 3. d4 cxd4 4. Nxd4 Nf6 5. Nc3 g6 6. Be3 Bg7 7. f3 O-O 8.
Qd2 d5 9. Nxc6 bxc6 10. e5 Nd7 11. f4 e6 12. Bd3 a6 13. Ne2 c5 14. c3 Qc7 15.
h4 f6 16. h5 fxe5 17. hxg6 e4 18. gxh7+ Kh8 19. Bc2 Nf6 20. O-O-O Ng4 21. Bg1
Bb7 22. Rh4 Nh6 23. g4 Rad8 24. Be3 Nf7 25. f5 Ne5 26. Nf4 Rf6 27. Nxe6 Rxe6
28. fxe6 Nf3 29. Qf2 Nxh4 30. Qxh4 Re8 31. Qf2 Rxe6 32. Bxc5 Rf6 33. Qg1 Kxh7
34. g5 Rg6 35. Qh1+ Kg8 36. Be3 Qg3 37. Re1 Be5 38. Qf1 Rg7 39. Qg1 Rf7 40.
Qxg3 Bxg3 41. Re2 Bf4 42. Kd2 Bxe3+ 43. Rxe3 Rf2+ 44. Re2 Rf3 45. Rg2 a5 46.
Bd1 Rh3 47. Bg4 Rd3+ 48. Ke1 d4 49. Be6+ Kg7 50. Bc4 Re3+ 51. Re2 Rxe2+ 52.
Kxe2 dxc3 53. bxc3 Kg6 54. Bb5 Kxg5 55. c4 Kf4 56. c5 Ke5 57. c6 Bc8 58. Ke3
Kd5 1/2-1/2

[Event "Ottawa op"]
[Site "Ottawa CAN"]
[Date "1977.03.12"]
[Round "3"]
[White "Brodie, Hugh"]
[Black "Lacasse, Mario"]
[Result "1/2-1/2"]
[WhiteElo "1858"]
[BlackElo "1520"]
[PlyCount "56"]
[EventDate "1977.03.11"]
[EventType "swiss"]
[EventRounds "5"]
[EventCountry "CAN"]

1. e4 e6 2. d3 d5 3. Nd2 c5 4. Ngf3 Nf6 5. g3 b6 6. Bg2 Bb7 7. O-O Be7 8. Re1
O-O 9. e5 Nfd7 10. Nf1 Nc6 11. h4 d4 12. N1h2 Rc8 13. Bf4 b5 14. Qd2 Nb6 15. h5
Nd5 16. h6 g6 17. Bg5 Ncb4 18. Bxe7 Qxe7 19. a3 Nc6 20. Ng4 f5 21. exf6 Nxf6
22. Nfe5 Nxe5 23. Nxe5 Bxg2 24. Kxg2 Nd5 25. Re2 Qf6 26. Kg1 Rc7 27. Rae1 Qf5
28. Re4 a6 1/2-1/2

[Event "Ottawa op"]
[Site "Ottawa CAN"]
[Date "1977.03.13"]
[Round "4"]
[White "Ross, Chester"]
[Black "Brodie, Hugh"]
[Result "0-1"]
[WhiteElo "900"]
[BlackElo "1858"]
[PlyCount "64"]
[EventDate "1977.03.11"]
[EventType "swiss"]
[EventRounds "5"]
[EventCountry "CAN"]

1. Nf3 d6 2. c4 e5 3. d3 g6 4. Bg5 Qd7 5. Nc3 Bg7 6. g3 f5 7. Be3 Nf6 8. Qc2
O-O 9. Bg5 h6 10. Bxf6 Bxf6 11. h4 c6 12. e3 Na6 13. Nh2 d5 14. O-O-O dxc4 15.
dxc4 Qc7 16. g4 Be6 17. gxf5 Bxf5 18. Bd3 Nb4 19. Qb1 Nxd3+ 20. Rxd3 Bxd3 21.
Qxd3 Qf7 22. Rg1 Kg7 23. Ng4 Rad8 24. Qe4 Rfe8 25. Ne2 Re6 26. Ng3 Bxh4 27.
Nxh6 Qxf2 28. Rg2 Qe1+ 29. Kc2 Bxg3 30. Nf5+ gxf5 31. Qxf5 Qd1+ 32. Kc3 Qc1+
0-1

[Event "Ottawa op"]
[Site "Ottawa CAN"]
[Date "1977.03.13"]
[Round "5"]
[White "Brodie, Hugh"]
[Black "Berry, Jonathan"]
[Result "0-1"]
[WhiteElo "1858"]
[BlackElo "2253"]
[PlyCount "62"]
[EventDate "1977.03.11"]
[EventType "swiss"]
[EventRounds "5"]
[EventCountry "CAN"]

1. e4 e5 2. Nc3 Nf6 3. f4 d5 4. fxe5 Nxe4 5. Nf3 Be7 6. d4 c5 7. Bd3 Nxc3 8.
bxc3 Nc6 9. O-O Bg4 10. Be3 O-O 11. Qd2 f6 12. exf6 Bxf6 13. Rab1 c4 14. Be2
Qe7 15. Rfe1 Nd8 16. Bg5 Ne6 17. Bxf6 Rxf6 18. Ne5 Bxe2 19. Rxe2 Re8 20. Rbe1
Nf4 21. Re3 Re6 22. Rf1 Qg5 23. Rf2 Nh5 24. Ref3 Qxd2 25. Rxd2 Ra6 26. Rdf2 Nf6
27. Rf5 Rxa2 28. h3 a5 29. g4 a4 30. g5 Ne4 31. R2f3 g6 0-1

[Event "CAN-op"]
[Site "Toronto CAN"]
[Date "1976.07.31"]
[Round "1"]
[White "Langen, Roger"]
[Black "Brodie, Hugh"]
[Result "1-0"]
[WhiteElo "2100"]
[BlackElo "1881"]
[PlyCount "93"]
[EventDate "1976.07.31"]
[EventType "swiss"]
[EventRounds "10"]
[EventCountry "CAN"]

1. g3 e5 2. Bg2 Nc6 3. d3 g6 4. Nf3 Bg7 5. O-O d6 6. Nc3 f5 7. Nd5 Nf6 8. Ng5
h6 9. Nxf6+ Qxf6 10. Nh3 f4 11. c3 O-O 12. gxf4 Qh4 13. f5 Bxf5 14. Qb3+ Kh7
15. Qxb7 Nd4 16. cxd4 Bxh3 17. dxe5 Rae8 18. Bxh3 Qxh3 19. Qg2 Qxg2+ 20. Kxg2
Rxe5 21. e4 Rb5 22. Rb1 Rfb8 23. b3 Ra5 24. a3 Rab5 25. b4 a5 26. Bd2 axb4 27.
Rxb4 Rxb4 28. axb4 Bd4 29. Rc1 Rb7 30. Rc4 Bf6 31. f4 Kg7 32. d4 h5 33. e5 dxe5
34. fxe5 Be7 35. Kf3 Kf7 36. Ke4 Ke6 37. Rc6+ Kf7 38. Rc4 Ke6 39. d5+ Kf7 40.
Bc3 Bf8 41. Kd3 Be7 42. Rc6 Bxb4 43. Bxb4 Rxb4 44. Rxc7+ Ke8 45. e6 g5 46. d6
Rb8 47. Rh7 1-0

[Event "CAN-op"]
[Site "Toronto CAN"]
[Date "1976.08.01"]
[Round "2"]
[White "Brodie, Hugh"]
[Black "Materi, Curtis"]
[Result "1/2-1/2"]
[WhiteElo "1881"]
[BlackElo "1663"]
[PlyCount "80"]
[EventDate "1976.07.31"]
[EventType "swiss"]
[EventRounds "10"]
[EventCountry "CAN"]

1. e4 e5 2. Nc3 Nf6 3. f4 d5 4. fxe5 Nxe4 5. Nf3 Nxc3 6. bxc3 Bg4 7. d4 c5 8.
Be2 c4 9. O-O Be7 10. Qe1 Nc6 11. Qg3 Qd7 12. h3 Be6 13. a4 h6 14. Ba3 O-O-O
15. a5 g5 16. Bxe7 Nxe7 17. Nd2 Rdg8 18. Bg4 h5 19. Bxe6 fxe6 20. Rab1 Nf5 21.
Qe1 g4 22. h4 g3 23. Nf3 Rg4 24. Ng5 Rg8 25. Rxf5 exf5 26. e6 Qe7 27. Qe5 Re4
28. Nxe4 fxe4 29. Qxd5 Rg6 30. Qxc4+ Kb8 31. a6 b6 32. d5 Qxh4 33. Rxb6+ axb6
34. a7+ Ka8 35. Qc8+ Kxa7 36. Qd7+ Kb8 37. Qe8+ Ka7 38. Qa4+ Kb7 39. Qc6+ Ka7
40. Qd7+ Ka6 1/2-1/2

[Event "CAN-op"]
[Site "Toronto CAN"]
[Date "1976.08.02"]
[Round "3"]
[White "Jillings, D."]
[Black "Brodie, Hugh"]
[Result "0-1"]
[WhiteElo "1630"]
[BlackElo "1881"]
[PlyCount "84"]
[EventDate "1976.07.31"]
[EventType "swiss"]
[EventRounds "10"]
[EventCountry "CAN"]

1. e4 c5 2. Nf3 Nc6 3. d4 cxd4 4. Nxd4 Nf6 5. Nc3 g6 6. Be3 Bg7 7. f3 O-O 8.
Bc4 Qb6 9. Qd2 Nxe4 10. fxe4 Bxd4 11. Bxd4 Qxd4 12. Qxd4 Nxd4 13. O-O-O Nc6 14.
Nd5 Rb8 15. Rhf1 b5 16. Be2 d6 17. Rf2 a6 18. g4 Rb7 19. c4 Be6 20. h3 Ne5 21.
cxb5 axb5 22. Kb1 Ra8 23. b3 Kf8 24. Bf1 Rc8 25. Kb2 Rc5 26. Rfd2 Ke8 27. Rd4
Bxd5 28. Rxd5 Rxd5 29. Rxd5 b4 30. Ba6 Rb6 31. Bf1 Kd7 32. Be2 Kc7 33. Bf1 e6
34. Rd4 Kc6 35. a4 bxa3+ 36. Kxa3 Rb8 37. Kb2 Kc5 38. Ra4 Rb4 39. Ra1 Rxe4 40.
Rd1 d5 41. Kc2 Nf3 42. Rd3 Ne1+ 0-1

[Event "CAN-op"]
[Site "Toronto CAN"]
[Date "1976.08.02"]
[Round "4"]
[White "Brodie, Hugh"]
[Black "Delva, Jean"]
[Result "1/2-1/2"]
[WhiteElo "1881"]
[BlackElo "2070"]
[PlyCount "60"]
[EventDate "1976.07.31"]
[EventType "swiss"]
[EventRounds "10"]
[EventCountry "CAN"]

1. e4 c5 2. Nf3 Nc6 3. Nc3 d6 4. d4 cxd4 5. Nxd4 e6 6. g3 Nf6 7. Bg2 Be7 8. O-O
O-O 9. Be3 a6 10. Qe2 Qc7 11. Rad1 Bd7 12. Kh1 Nxd4 13. Bxd4 e5 14. Be3 Be6 15.
Nd5 Nxd5 16. exd5 Bd7 17. c4 Rac8 18. Rc1 Qa5 19. b3 f5 20. Rc2 b5 21. Rfc1
bxc4 22. bxc4 g5 23. f4 gxf4 24. gxf4 exf4 25. Bxf4 Rce8 26. Qf2 Kh8 27. Re2
Bh4 28. Qd4+ Bf6 29. Qd2 Qxd2 30. Rxd2 Be5 1/2-1/2

[Event "CAN-op"]
[Site "Toronto CAN"]
[Date "1976.08.03"]
[Round "5"]
[White "Das, Urmila"]
[Black "Brodie, Hugh"]
[Result "0-1"]
[WhiteElo "1400"]
[BlackElo "1881"]
[PlyCount "90"]
[EventDate "1976.07.31"]
[EventType "swiss"]
[EventRounds "10"]
[EventCountry "CAN"]

1. e4 c5 2. Nf3 Nc6 3. d4 cxd4 4. Nxd4 Nf6 5. Nc3 g6 6. g3 Bg7 7. Bg2 O-O 8.
O-O d6 9. Nb3 Be6 10. Nd5 Qd7 11. c3 Bh3 12. Nxf6+ Bxf6 13. Nd4 Bxg2 14. Kxg2
Rab8 15. f4 b5 16. Qd3 b4 17. Bd2 a5 18. Rac1 Nxd4 19. cxd4 Rfc8 20. a3 bxa3
21. Rxc8+ Qxc8 22. bxa3 Rb2 23. e5 dxe5 24. dxe5 Bg7 25. Rf2 e6 26. Qc3 Qb7+
27. Kg1 a4 28. Bc1 Rb3 29. Qd4 Bf8 30. Rb2 Qc6 31. Qd1 Bc5+ 32. Rf2 Bxf2+ 33.
Kxf2 Qc5+ 34. Ke2 Qc4+ 35. Ke1 Rd3 36. Bd2 Rxa3 37. Qc1 Qxc1+ 38. Bxc1 Rb3 39.
Kd2 Kf8 40. Kc2 Ke8 41. Bb2 Kd7 42. Bc3 Kc6 43. g4 Kd5 44. h4 Kc4 45. Ba1 a3
0-1

[Event "CAN-op"]
[Site "Toronto CAN"]
[Date "1976.08.04"]
[Round "6"]
[White "Brodie, Hugh"]
[Black "Redinger, Kerry"]
[Result "1-0"]
[WhiteElo "1881"]
[BlackElo "1513"]
[PlyCount "68"]
[EventDate "1976.07.31"]
[EventType "swiss"]
[EventRounds "10"]
[EventCountry "CAN"]

1. e4 e5 2. Nc3 Nf6 3. f4 d6 4. Nf3 Nbd7 5. Bc4 Nb6 6. Bb3 Bg4 7. h3 Bxf3 8.
Qxf3 Qd7 9. O-O O-O-O 10. d3 h6 11. a4 a5 12. Bd2 Na8 13. Nd5 Nxd5 14. Bxd5 c6
15. Bb3 b6 16. fxe5 dxe5 17. Qxf7 Qd4+ 18. Kh1 Qxb2 19. Qa7 Nc7 20. Qxb6 Qd4
21. Bxa5 Qxb6 22. Bxb6 Rd7 23. Rf7 Bb4 24. Be3 g5 25. Raf1 Rxf7 26. Rxf7 Kb7
27. Kh2 Bd6 28. Kg3 c5 29. h4 gxh4+ 30. Kxh4 Kc6 31. Rf6 h5 32. Rf5 Be7+ 33.
Bg5 Bxg5+ 34. Rxg5 Ne6 1-0

[Event "CAN-op"]
[Site "Toronto CAN"]
[Date "1976.08.05"]
[Round "7"]
[White "Inkol, Robert"]
[Black "Brodie, Hugh"]
[Result "0-1"]
[WhiteElo "1700"]
[BlackElo "1881"]
[PlyCount "64"]
[EventDate "1976.07.31"]
[EventType "swiss"]
[EventRounds "10"]
[EventCountry "CAN"]

1. e4 c5 2. Nf3 Nc6 3. d4 cxd4 4. Nxd4 Nf6 5. Nc3 g6 6. Be3 Bg7 7. Bc4 Qa5 8.
f3 Qb4 9. Nxc6 bxc6 10. Bb3 O-O 11. Qd4 Qa5 12. Qc5 Qxc5 13. Bxc5 d6 14. Be3
Be6 15. O-O Nd7 16. Bxe6 fxe6 17. Na4 Rfb8 18. Rab1 Ne5 19. b3 Nd7 20. Rfd1 Nb6
21. Nb2 Bxb2 22. Rxb2 Nc4 23. Bc1 Nxb2 24. Bxb2 Kf7 25. e5 Rd8 26. Rd2 Rd7 27.
Ba3 Rad8 28. exd6 exd6 29. Rd4 e5 30. Rh4 Ke6 31. c4 d5 32. cxd5+ cxd5 0-1

[Event "CAN-op"]
[Site "Toronto CAN"]
[Date "1976.08.06"]
[Round "8"]
[White "Brodie, Hugh"]
[Black "Tobin, Hugh"]
[Result "0-1"]
[WhiteElo "1881"]
[BlackElo "2186"]
[PlyCount "58"]
[EventDate "1976.07.31"]
[EventType "swiss"]
[EventRounds "10"]
[EventCountry "CAN"]

1. e4 e5 2. Nc3 Nf6 3. f4 d5 4. fxe5 Nxe4 5. Nf3 Be7 6. d4 O-O 7. Bd3 f5 8.
exf6 Bxf6 9. O-O Bf5 10. Ne2 Nc6 11. c3 Qd7 12. Nf4 Ne7 13. Nh5 Ng6 14. Nxf6+
Rxf6 15. Bg5 Rb6 16. Rb1 Bg4 17. Be3 Re8 18. Qc1 Rbe6 19. Bd2 Bxf3 20. Rxf3 Nh4
21. Rf4 Nxg2 22. Rg4 Nxd2 23. Qxd2 Re1+ 24. Rxe1 Rxe1+ 25. Kxg2 Qxg4+ 26. Kf2
Rd1 27. Qe3 Qg1+ 28. Kf3 Qxe3+ 29. Kxe3 Rh1 0-1

[Event "CAN-op"]
[Site "Toronto CAN"]
[Date "1976.08.07"]
[Round "9"]
[White "Brodie, Hugh"]
[Black "Gencius, Victor"]
[Result "1/2-1/2"]
[WhiteElo "1881"]
[BlackElo "1600"]
[PlyCount "142"]
[EventDate "1976.07.31"]
[EventType "swiss"]
[EventRounds "10"]
[EventCountry "CAN"]

1. e4 d5 2. d4 dxe4 3. Nc3 Bf5 4. f3 Nf6 5. g4 Bg6 6. g5 Nd5 7. Nxe4 e6 8. c3
a6 9. Nh3 Nc6 10. Nf4 Be7 11. h4 h6 12. Nxg6 fxg6 13. gxh6 Bxh4+ 14. Ke2 gxh6
15. Bh3 Qe7 16. Bxe6 Qxe6 17. Rxh4 O-O-O 18. Qh1 Nf6 19. Qh3 Qxh3 20. Rxh3 Rde8
21. Kd3 Nh5 22. Be3 Ref8 23. Rg1 Ne7 24. c4 Re8 25. Ng3 Nxg3 26. Rgxg3 Nf5 27.
Bf2 Nxg3 28. Bxg3 g5 29. Be5 Rh7 30. Ke4 Rf8 31. b4 Kd7 32. a4 Rg8 33. a5 g4
34. fxg4 Rxg4+ 35. Kd5 c6+ 36. Kc5 Re7 37. Rh5 Re6 38. b5 axb5 39. cxb5 cxb5
40. Kxb5 Rg1 41. Rf5 Rb1+ 42. Kc4 b5+ 43. axb6 Rexb6 44. Kd5 Rg6 45. Rf7+ Ke8
46. Rh7 Rh1 47. Rh8+ Kd7 48. Rh7+ Kc8 49. Bd6 h5 50. Kc6 Rc1+ 51. Kd5 Rg5+ 52.
Be5 Rh1 53. Kc6 Rg6+ 54. Bd6 Rc1+ 55. Kd5 Rg5+ 56. Be5 Ra1 57. Kc6 Rg6+ 58. Kc5
Rc1+ 59. Kd5 Rh1 60. Bd6 h4 61. Kc6 Rc1+ 62. Kd5 Rg4 63. Rh6 Rc3 64. Bc5 Rcg3
65. Bd6 Rc3 66. Bb4 Rb3 67. Bc5 Rbg3 68. Bd6 Rg5+ 69. Kc6 Rc3+ 70. Bc5 Rcg3 71.
Rxh4 R3g4 1/2-1/2

[Event "CAN-op"]
[Site "Toronto CAN"]
[Date "1976.08.08"]
[Round "10"]
[White "Filipovich, David"]
[Black "Brodie, Hugh"]
[Result "0-1"]
[WhiteElo "1700"]
[BlackElo "1881"]
[PlyCount "96"]
[EventDate "1976.07.31"]
[EventType "swiss"]
[EventRounds "10"]
[EventCountry "CAN"]

1. e4 c5 2. Nf3 Nc6 3. d4 cxd4 4. Nxd4 Nf6 5. Nc3 g6 6. Be2 Bg7 7. Be3 O-O 8.
Qd2 d5 9. exd5 Nxd5 10. Nxc6 bxc6 11. Nxd5 cxd5 12. c3 e6 13. O-O-O Qa5 14. Kb1
Rb8 15. Ka1 Bd7 16. Bd4 Ba4 17. Bxg7 Kxg7 18. Rb1 Bb3 19. a3 Rfc8 20. h4 f6 21.
g4 Bc4 22. f4 Rb3 23. Bxc4 Rxc4 24. Qc2 Rcxc3 25. bxc3 Rxa3+ 26. Kb2 Ra2+ 27.
Kc1 Rxc2+ 28. Kxc2 Qa4+ 29. Kd3 Qe4+ 30. Kd2 Qxf4+ 31. Kc2 Qxg4 32. Rb7+ Kh6
33. Ra1 a6 34. Rbb1 e5 35. h5 Qe2+ 36. Kb3 Kxh5 37. Rh1+ Kg5 38. Raf1 f5 39.
Rfg1+ Kf6 40. Rxh7 Qe3 41. Rg2 d4 42. Rc2 d3 43. Rg2 Qc1 44. Rhh2 e4 45. Kc4
Qa3 46. Rh6 Ke5 47. Rgxg6 Qa4+ 48. Kc5 Qb5# 0-1

[Event "Paul Keres mem (1st)"]
[Site "Vancouver CAN"]
[Date "1976.06.19"]
[Round "1"]
[White "Pederson, Roger"]
[Black "Brodie, Hugh"]
[Result "1-0"]
[WhiteElo "1975"]
[BlackElo "1881"]
[PlyCount "49"]
[EventDate "1976.06.19"]
[EventType "swiss"]
[EventRounds "10"]
[EventCountry "CAN"]

1. e4 c5 2. Nc3 Nc6 3. g3 g6 4. Bg2 Bg7 5. Nf3 d6 6. O-O e5 7. d3 f5 8. Ne1 Nf6
9. f4 O-O 10. Nf3 h6 11. Nh4 exf4 12. Nxg6 fxg3 13. exf5 gxh2+ 14. Kh1 Re8 15.
Bd5+ Kh7 16. Bf7 Nd4 17. Ne4 Nxe4 18. dxe4 Rxe4 19. f6 Bxf6 20. Qh5 Bg7 21.
Bxh6 Bg4 22. Nf8+ Kh8 23. Bxg7+ Kxg7 24. Qh7+ Kxf8 25. Bh5+ 1-0

[Event "Paul Keres mem (1st)"]
[Site "Vancouver CAN"]
[Date "1976.06.20"]
[Round "2"]
[White "Brodie, Hugh"]
[Black "Sarac, Von"]
[Result "1-0"]
[WhiteElo "1881"]
[BlackElo "1784"]
[PlyCount "125"]
[EventDate "1976.06.19"]
[EventType "swiss"]
[EventRounds "10"]
[EventCountry "CAN"]

1. e4 e5 2. Nc3 Nc6 3. Bc4 Nf6 4. d3 Bc5 5. Nf3 Na5 6. Nxe5 Nxc4 7. Nxc4 d6 8.
O-O Bg4 9. Qe1 Nd7 10. Be3 h5 11. d4 Nb6 12. Nxb6 Bxb6 13. f3 Be6 14. d5 Bd7
15. Bxb6 axb6 16. Qf2 Qe7 17. Rfe1 f6 18. Ne2 g5 19. Nd4 O-O-O 20. a4 c6 21.
Nf5 Bxf5 22. exf5 Qc7 23. Ra3 Rde8 24. Re6 Rhf8 25. Rae3 Qd7 26. Qe1 Rxe6 27.
dxe6 Qe7 28. Qb4 Kc7 29. Rb3 Ra8 30. Qxb6+ Kc8 31. a5 Ra6 32. Qb4 Qc7 33. Ra3
Kd8 34. Kf2 Ke8 35. Qc3 Ke7 36. Qb4 b6 37. axb6 Rxb6 38. Qa5 Qb7 39. b3 h4 40.
g4 Qc7 41. Qa8 Rb7 42. Qg8 d5 43. Qf7+ Kd6 44. Qxc7+ Rxc7 45. Ke3 Ke5 46. Ra8
d4+ 47. Ke2 c5 48. Rd8 Ra7 49. Rd7 Ra8 50. Rc7 Kd6 51. Rb7 Ke5 52. Rb6 Ra7 53.
Rb5 Kd6 54. b4 c4 55. Rc5 c3 56. Kd3 Ra2 57. Rc4 Ra1 58. Rxd4+ Ke7 59. Rd7+ Ke8
60. Kxc3 Rh1 61. b5 Rxh2 62. b6 Rh1 63. Kb2 1-0

[Event "Paul Keres mem (1st)"]
[Site "Vancouver CAN"]
[Date "1976.06.20"]
[Round "3"]
[White "Brodie, Hugh"]
[Black "Schill, William"]
[Result "0-1"]
[WhiteElo "1881"]
[BlackElo "1980"]
[PlyCount "116"]
[EventDate "1976.06.19"]
[EventType "swiss"]
[EventRounds "10"]
[EventCountry "CAN"]

1. f4 g6 2. e4 Bg7 3. Nc3 c6 4. d4 d5 5. e5 h5 6. Nf3 Nh6 7. Be3 Bg4 8. Be2 Nf5
9. Bf2 Na6 10. Bxa6 bxa6 11. O-O Bh6 12. g3 h4 13. Qd3 hxg3 14. Bxg3 Qb6 15.
Na4 Qb5 16. Qxb5 axb5 17. Nc5 Bxf3 18. Rxf3 Nxd4 19. Rf2 e6 20. Na6 Kd7 21.
Nc5+ Kc7 22. c3 Nf5 23. Rf3 Nxg3 24. hxg3 Bf8 25. Nd3 c5 26. Kg2 c4 27. Nf2 Bc5
28. Ng4 a5 29. b3 Rad8 30. Nf6 Be7 31. Ng4 Kc6 32. Rd1 Kc5 33. Nf2 Kc6 34. Ng4
Bc5 35. Nf6 Be7 36. Ng4 Rb8 37. Rc1 Ba3 38. Rd1 Be7 39. Rc1 Kc5 40. Nf2 Rbg8
41. Rf1 Rh7 42. Rh1 Rxh1 43. Nxh1 b4 44. Nf2 Rd8 45. Re3 Ra8 46. Kf3 bxc3 47.
Rxc3 Kb4 48. Nd1 Bc5 49. bxc4 dxc4 50. a3+ Kb5 51. Nb2 Bxa3 52. Rxa3 Kb4 53.
Ra1 a4 54. Ke3 a3 55. Nd1 Kb3 56. Kd2 Rd8+ 57. Kc1 a2 58. Ne3 Rh8 0-1